000
00406nam a22001697a 4500
003
MPLRDC
005
20220104142444.0
008
210129b ||||| |||| 00| 0 eng d
082
_a
437.77 CWK
100
_a
陈文广、梁晓茂编著
245
_a
养鸽指南
_c
250
_a
一版二刷
260
_a
_b
云南人民出版社
_c
1984
300
_b
平
650
_a
鸽
942
_c
BK
_o
437.77 CWK
999
_c
31044
_d
31034